LEADER 01211nam a2200289 u 4500 001 000000045130 003 CaOOAMICUS 005 20070226114628.0 008 990520s1994 it u000 u ita u 020 $a8802048967 035 $a10823867 040 $aPUL(R)$bita 100 1 $aFantozzi, Augusto.$0(OLS)http://pul/name/30985 245 13$aIl regime tributario del processo civile /$cAugusto Fantozzi, Giuseppe Tinelli. 260 $aTorino :$bUTET,$c1994. 300 $a243 p. ;$c25 cm 490 1 $aIl processo civile ;$v5 650 4$aDiritto civile$xProcesso.$0(OLS)http://pul/subject/5888 650 4$aDiritto tributario$zItalia.$0(OLS)http://pul/subject/18167 700 0 $aTinelli, Giuseppe.$0(OLS)http://pul/name/32908 830 3$aIl processo civile ;$v5.$0(OLS)http://pul/title/9747 850 $aPUL 852 $aPUL$W1$xSL Diritto e Scienze Sociali 3$y79$m300 A 15.5$j60645$nBK-PRI$b $qDDC 21$B60645$CPULBib$Z2$F60645 $H78916 $82 941 1 $a9 996 $6020$a8802048967$9(OLS)http://pul/number/56291 996 $6245$aIl regime tributario del processo civile$9(OLS)http://pul/title/60856 996 $6260$aTorino :$bUTET$9(OLS)http://pul/publisher/48088 LEADER 01518nam a2200337 a 4500 001 000000169995 003 CaOOAMICUS 005 20181017100134.0 008 181017s2015 it u000 u ita r 020 $a978-88-7497-812-0* 032 $aLibriCat 040 $aPUL$bita 082 14$a320.01 100 1 $aAlfano, Giulio,$d1959-$0(OLS)http://pul/name/33137 245 12$aI fondamenti della filosofia politica di Luigi Sturzo / $cGiulio Alfano . 250 $a2. ed. 260 $aChieti :$bSolfanelli,$cİ2015. 300 $a106 p. ; $c18 cm. 490 1 $aIl Calamo e la Ferula ;$v29 504 $aContiene riferimenti bibliografici. 600 14$aSturzo, Luigi,$csac.,$d1871-1959$xPensiero politico e sociale.$0(OLS)http://pul/subject/5647 830 3$aIl Calamo e la Ferula ;$v29.$0(OLS)http://pul/title/196459 850 $aPUL 852 $aPUL$W1$xSL Diritto e Scienze Sociali 3$y79$m320. 01 ALFGI 3$j192910$qDDC 21$B198180$CPULBib$Z2$F198180 $H131404 $81 852 $aPUL$W1$xDP2 Diritto e Scienze Sociali 3$y110$m320. 01 ALFGI 3B$j200276$qDDC 21$B205059$CPULBib$Z2$F205059 $H136362 $82 941 1 $a9 996 $6020$a978-88-7497-812-0*$9(OLS)http://pul/number/161550 996 $6082$a320.01$9(OLS)http://pul/classification/475 996 $6245$aI fondamenti della filosofia politica di Luigi Sturzo / $9(OLS)http://pul/title/196458 996 $6260$aChieti :$bSolfanelli$9(OLS)http://pul/publisher/82962